Soil and Orchard Management (Record no. 14558)
[ view plain ]
| 000 -LEADER | |
|---|---|
| fixed length control field | 00320nam a22001337a 4500 |
| 020 ## - INTERNATIONAL STANDARD BOOK NUMBER | |
| ISBN | 8170356849 |
| 082 ## - DEWEY DECIMAL CLASSIFICATION NUMBER | |
| Classification number | 631.45 |
| Item number | SHA/SO |
| 100 ## - MAIN ENTRY--AUTHOR NAME | |
| Personal name | Sharma K.K. |
| 100 ## - MAIN ENTRY--AUTHOR NAME | |
| Personal name | Nav Prem Singh |
| 245 ## - TITLE STATEMENT | |
| Title | Soil and Orchard Management |
| 260 ## - PUBLICATION, DISTRIBUTION, ETC. (IMPRINT) | |
| Place of publication | New delhi |
| Name of publisher | Daya Publishing House |
| Year of publication | 2011 |
| 300 ## - PHYSICAL DESCRIPTION | |
| Number of Pages | 377 |
| 942 ## - ADDED ENTRY ELEMENTS (KOHA) | |
| Koha item type | Books |
| Withdrawn status | Lost status | Damaged status | Collection code | Home library | Current library | Shelving location | Date acquired | Source of acquisition | Cost, normal purchase price | Full call number | Accession Number | Koha item type |
|---|---|---|---|---|---|---|---|---|---|---|---|---|
| KAUAET | KAUAET | General Stacks | 16/07/2016 | Universal Research Books | 995.00 | 631.45 SHA/SO | 24312 | Books |
